East-West studies on the problem of the self : (Record no. 1235)
[ view plain ]
| 000 -LEADER | |
|---|---|
| fixed length control field | 01160cam a2200313 4500 |
| 001 - CONTROL NUMBER | |
| control field | 1235 |
| 003 - CONTROL NUMBER IDENTIFIER | |
| rucl marc code | BD-RjUL |
| 005 - DATE AND TIME OF LATEST TRANSACTION | |
| control field | 20211208233310.0 |
| 008 - FIXED-LENGTH DATA ELEMENTS--GENERAL INFORMATION | |
| fixed length control field | 131125s1968 ne 100 0 eng c |
| 035 ## - SYSTEM CONTROL NUMBER | |
| System control number | (BD-RjUL)1257 |
| 040 ## - CATALOGING SOURCE | |
| Original cataloging agency | DLC |
| Transcribing agency | DLC |
| Modifying agency | BD-RjUL |
| Language of cataloging | eng |
| 041 ## - LANGUAGE CODE | |
| Language code of text/sound track or separate title | eng |
| 082 00 - DEWEY DECIMAL CLASSIFICATION NUMBER | |
| Classification number | 126 |
| Edition number | 16 |
| Author mark and year | EAS 1968 |
| 111 2# - MAIN ENTRY--MEETING NAME | |
| Meeting name or jurisdiction name as entry element | Conference on Comparative Philosophy and Culture, |
| Location of meeting | College of Wooster, |
| Date of meeting | 1965. |
| 9 (RLIN) | 3642 |
| 245 10 - TITLE STATEMENT | |
| Title | East-West studies on the problem of the self : |
| Remainder of title | Papers presented at the Conference on Comparative Philosophy and Culture held at the College of Wooster, Wooster, Ohio, April 22-24, 1965 / |
| Statement of responsibility, etc. | Edited by P. T. Raju and Alburey Castell. |
| 260 ## - PUBLICATION, DISTRIBUTION, ETC. (IMPRINT) | |
| Place of publication, distribution, etc. | The Hague : |
| Name of publisher, distributor, etc. | Martinus Nijhoff, |
| Date of publication, distribution, etc. | c1968. |
| 300 ## - PHYSICAL DESCRIPTION | |
| Pagination | xvi, 236 p. ; |
| Size | 24 cm. |
| 350 ## - PRICE (NR) (BK AM CF MU VM SE) [OBSOLETE] | |
| Price | 28.80 |
| 504 ## - BIBLIOGRAPHY, ETC. NOTE | |
| Bibliography, etc | Bibliographical footnotes. |
| 650 #0 - SUBJECT ADDED ENTRY--TOPICAL TERM | |
| Topical term or geographic name as entry element | Self (Philosophy) |
| 9 (RLIN) | 3643 |
| Topical term or geographic name as entry element | Personality. |
| 9 (RLIN) | 3644 |
| 700 1# - ADDED ENTRY--PERSONAL NAME | |
| Personal name | Raju, P. T. |
| Fuller form of name | (Poolla Tirupati), |
| Dates associated with a name | 1904- |
| Relator term | ed. |
| Personal name | Castell, Alburey, |
| Dates associated with a name | 1904- |
| Relator term | ed. |
| 710 2# - ADDED ENTRY--CORPORATE NAME | |
| Corporate name or jurisdiction name as entry element | College of Wooster. |
| 9 (RLIN) | 3647 |
| 942 ## - ADDED ENTRY ELEMENTS (KOHA) | |
| Source of classification or shelving scheme | Dewey Decimal Classification |
| Koha item type | Books |
| Lost status | Source of classification or shelving scheme | Damaged status | Not for loan | Collection code | Permanent Location | Current Location | Shelving location | Date acquired | Source of acquisition | Total Checkouts | Full call number | Date last seen | Copy number | Koha item type |
|---|---|---|---|---|---|---|---|---|---|---|---|---|---|---|
| Dewey Decimal Classification | Not For Loan | Non-fiction | Central Library, University of Rajshahi | Central Library, University of Rajshahi | Reading Room | 14/08/1991 | Canada Gift | 126 EAS 1968 | 25/11/2013 | C-1 | Books |